书目信息 |
| 题名: |
机械CAD/CAM基础
|
|
| 作者: | 何雪明 , 吴晓光 , 王宗才 主编 | |
| 分册: | ||
| 出版信息: | 武汉 华中科技大学出版社 2015.9 |
|
| 页数: | 353页 | |
| 开本: | 23cm | |
| 丛书名: | 普通高等院校机械类精品教材 | |
| 单 册: | ||
| 中图分类: | TH122 | |
| 科图分类: | ||
| 主题词: | 机械设计--ji xie she ji--计算机辅助设计--高等学校--教材 , 机械制造--ji xie zhi zao--计算机辅助制造--高等学校--教材 | |
| 电子资源: | ||
| ISBN: | 978-7-5680-1198-3 | |
| 000 | 01500nam 2200337 450 | |
| 001 | 0100004666 | |
| 005 | 20150910123000.8 | |
| 010 | @a978-7-5680-1198-3@dCNY42.00 | |
| 100 | @a20150910d2015 em y0chiy0121 ea | |
| 101 | 0 | @achi |
| 102 | @aCN@b420000 | |
| 105 | @aak a 000yy | |
| 106 | @ar | |
| 200 | 1 | @a机械CAD/CAM基础@Aji xie CAD/CAMji chu@f主编何雪明, 吴晓光, 王宗才 |
| 205 | @a第2版 | |
| 210 | @a武汉@c华中科技大学出版社@d2015.9 | |
| 215 | @a353页@c图@d23cm | |
| 225 | 2 | @a普通高等院校机械类精品教材@Apu tong gao deng yuan jiao ji xie lei jing pin jiao cai@f总主编吴昌林 |
| 300 | @a普通高等院校“十二五”规划教材 普通高等院校“十一五”规划教材 | |
| 320 | @a有书目 (第352-353页) | |
| 330 | @a本书系统地讲述了机械CAD/CAM的基本概念、应用方法和关键技术。主要内容包括CAD/CAM系统工作原理、软硬件支撑环境和支撑技术、设计数据处理技术、计算机图形处理技术、CAD/CAM建模技术、机械CAD/CAM应用软件开发技术、计算机辅助工艺过程设计、数控加工编程、CAD/CAM集成技术及其应用等。 | |
| 333 | @a高等院校相关专业教材以及相关研究人员、工程技术人员和工程管理人员学习参考 | |
| 410 | 0 | @12001 @a普通高等院校机械类精品教材@f总主编吴昌林 |
| 606 | 0 | @a机械设计@Aji xie she ji@x计算机辅助设计@x高等学校@j教材 |
| 606 | 0 | @a机械制造@Aji xie zhi zao@x计算机辅助制造@x高等学校@j教材 |
| 690 | @aTH122@v5 | |
| 701 | 0 | @a何雪明@Ahe xue ming@4主编 |
| 701 | 0 | @a吴晓光@Awu xiao guang@4主编 |
| 701 | 0 | @a王宗才@Awang zong cai@4主编 |
| 801 | 0 | @aCN@c20160515 |
| 905 | @a河南城建学院图书馆@dTH122@eH214=2 | |
| 机械CAD/CAM基础/主编何雪明, 吴晓光, 王宗才.-第2版.-武汉:华中科技大学出版社,2015.9 |
| 353页:图;23cm.-(普通高等院校机械类精品教材/总主编吴昌林) |
| 普通高等院校“十二五”规划教材 普通高等院校“十一五”规划教材.-使用对象:高等院校相关专业教材以及相关研究人员、工程技术人员和工程管理人员学习参考 |
| ISBN 978-7-5680-1198-3:CNY42.00 |
| 本书系统地讲述了机械CAD/CAM的基本概念、应用方法和关键技术。主要内容包括CAD/CAM系统工作原理、软硬件支撑环境和支撑技术、设计数据处理技术、计算机图形处理技术、CAD/CAM建模技术、机械CAD/CAM应用软件开发技术、计算机辅助工艺过程设计、数控加工编程、CAD/CAM集成技术及其应用等。 |
| ● |
| 相关链接 |
|
|
|
正题名:机械CAD/CAM基础
索取号:TH122/H214=2
 
预约/预借
| 序号 | 登录号 | 条形码 | 馆藏地/架位号 | 状态 | 备注 |
| 1 | 1253426 | 212534266 | 自科库501/501自科库 33排1列4层/ [索取号:TH122/H214=2] | 在馆 | |
| 2 | 1253427 | 212534275 | 自科库501/501自科库 33排1列4层/ [索取号:TH122/H214=2] | 在馆 | |
| 3 | 1253428 | 212534284 | 自科库501/501自科库 33排1列4层/ [索取号:TH122/H214=2] | 在馆 |